| Tag |
First Indicator |
Second Indicator |
Subfields |
| LEADER |
00000cam a2200000 4500 |
| 001 |
in00000039822 |
| 005 |
20151007064602.0 |
| 008 |
740904s1960 nyu 00000 eng u |
| 010 |
|
|
|a 60013619
|
| 035 |
|
|
|a (OCoLC)00997656
|
| 035 |
|
|
|9 AAE0163AM
|
| 040 |
|
|
|c ITD
|d TXA
|d UtOrBLW
|
| 041 |
1 |
|
|a eng
|a fre
|
| 049 |
|
|
|a TXAM
|c [327464]
|
| 050 |
0 |
0 |
|a QB209
|b .L413
|
| 082 |
0 |
|
|a 529
|
| 092 |
|
|
|a 529
|b L541o
|
| 100 |
1 |
|
|a Le Lionnais, François,
|d 1901-1984.
|
| 245 |
1 |
4 |
|a The Orion book of time /
|c [Translated from the French, Le temps, by William D. O'Gorman, Jr.].
|
| 264 |
|
1 |
|a New York :
|b Orion Press,
|c [1960]
|
| 300 |
|
|
|a 110 pages :
|b illustrations (part color) ;
|c 20 x 22 cm.
|
| 336 |
|
|
|a text
|b txt
|2 rdacontent
|
| 337 |
|
|
|a unmediated
|b n
|2 rdamedia
|
| 338 |
|
|
|a volume
|b nc
|2 rdacarrier
|
| 650 |
|
0 |
|a Time.
|
| 999 |
|
|
|a MARS
|
| 999 |
f |
f |
|s 1634a049-17e5-314b-a096-0898992a18f9
|i 17f38f19-e59e-3971-828e-01dac3ca4a3d
|t 0
|
| 952 |
f |
f |
|p normal
|a Texas A&M University
|b College Station
|c Sterling C. Evans Library
|d Evans: Library Stacks
|t 0
|e QB209 .L413
|h Library of Congress classification
|i unmediated -- volume
|m A14800905061
|
| 998 |
f |
f |
|a QB209 .L413
|t 0
|l Evans: Library Stacks
|